000 00692nam a2200181Ia 4500
003 GCL
008 140319s9999 xx 000 0 ara d
040 _aGCL /
_cGCL
082 0 4 _a330.9
_bر ع
100 1 _aرمزى زكى
245 1 0 _aالعرب والازمة الاقتصاديةالعالمية الازمة الاقتصادية العالمية الراهنة(مساهمة نحو فهم افضل) /
_cرمزى زكى
260 _a[S.N] :
_bالمؤسسة الجامعية للدراسات والنشر والتوزيع ،
_c1986
300 _a133 ص
490 _a
650 0 4 _aالاقتصاد الدولى
650 0 4 _aالازمات الاقتصادية
942 _2ddc
_cBK
999 _c43645
_d43645